Normal view
MARC view
Entry Personal Name
001 - CONTROL NUMBER
- control field: 18368
003 - CONTROL NUMBER IDENTIFIER
- control field: ARRUPE
005 - DATE AND TIME OF LATEST TRANSACTION
- control field: 20150717112111.0
008 - FIXED-LENGTH DATA ELEMENTS
- fixed length control field: 150717|| aca||aabn | a|a d
040 ## - CATALOGING SOURCE
- Original cataloging agency: ARRUPE
- Transcribing agency: ARRUPE
100 ## - HEADING--PERSONAL NAME
- Personal name: Faust, David,
- Dates associated with a name: 1952-
670 ## - SOURCE DATA FOUND
- Source citation: Work cat.: (ARRUPE)0: Faust, David, 1952-, The limits of scientific reasoning /, c1984.